000 004530000a22001570004500
041 0 _aSPA
082 0 4 _aG 286.1092 J957r
245 1 0 _aLos que abrieron el camino : Historia de los primeros obreros bautistas de latinoamerica
260 _aBuenos Aires, Argentina : Junta Bautista
300 _a106 Pag
001 8806
942 _cBK
999 _c38924
_d38924
336 _atexto
_btxt
_2rdacontent
337 _2rdamedia
_asin mediación
_bn
338 _2rdacarrier
_avolumen
_bnc